[Event "2017 Australian Open Championship"]
[Site "Brisbane AUS"]
[Date "2017.01.02" ]
[Round "1.48"]
[White "Zhong, Tony"]
[Black "Braganza, Nadia"]
[Result "1-0"]
[WhiteElo "1923"]
[BlackElo "1489"]
[PlyCount "101"]

1. e4 c5 2. Nf3 Nc6 3. Bb5 Nd4 4. Bc4 g6 5. Nxd4 cxd4 6. O-O Bg7 7. d3 Nf6 8.
e5 Ng8 9. Qf3 e6 10. Qe4 Qb6 11. f4 Ne7 12. a4 a5 13. Na3 O-O 14. Nb5 d5 15.
exd6 Nf5 16. b3 Nxd6 17. Nxd6 Qxd6 18. Ba3 Qb6 19. Bxf8 Kxf8 20. Bb5 Qc5 21. g4
Qxc2 22. Rac1 Qxb3 23. Rc7 Kg8 24. Rfc1 h6 25. Rxc8+ Rxc8 26. Rxc8+ Kh7 27. Rc1
Qb2 28. Rf1 Qd2 29. f5 exf5 30. gxf5 Qg5+ 31. Kh1 Qh5 32. Be8 gxf5 33. Qxf5+
Qxf5 34. Rxf5 b6 35. Bxf7 Bf8 36. Bg6+ Kxg6 37. Rxf8 h5 38. h4 Kg7 39. Rf4 Kg6
40. Rxd4 Kf5 41. Re4 Kf6 42. Kg2 Kf5 43. Kf3 Kf6 44. d4 Kf5 45. d5 Kf6 46. d6
Kf7 47. d7 Kf6 48. d8=Q+ Kf7 49. Re7+ Kg6 50. Qd6+ Kf5 51. Re5# 1-0

[Event "2017 Australian Open Championship"]
[Site "Brisbane AUS"]
[Date "2017.01.02" ]
[Round "1.49"]
[White "Littleboy, Bruce"]
[Black "Stahnke, Alexander"]
[Result "0-1"]
[WhiteElo "1427"]
[BlackElo "1921"]
[PlyCount "68"]

1. d4 Nf6 2. Bf4 g6 3. e3 Bg7 4. Nf3 d6 5. c4 O-O 6. Nc3 Nc6 7. Be2 Nh5 8. Bg5
h6 9. Bh4 g5 10. Nd2 Nf4 11. exf4 gxh4 12. Nf3 e6 13. g3 h3 14. Qd2 Qf6 15.
O-O-O Qf5 16. Bd3 Qa5 17. Bb1 a6 18. Qc2 f5 19. g4 Nb4 20. Qb3 fxg4 21. a3 Nc6
22. Qc2 Qf5 23. Qxf5 exf5 24. d5 Ne7 25. Ne1 Ng6 26. Nd3 h5 27. Rde1 Bh6 28.
Ne2 b5 29. b3 Bd7 30. Rhg1 Rae8 31. Kd1 bxc4 32. bxc4 Re4 33. Ne5 Ba4+ 34. Kd2
Rxe5 0-1

[Event "2017 Australian Open Championship"]
[Site "Brisbane AUS"]
[Date "2017.01.02" ]
[Round "1.50"]
[White "Parle, Hughston"]
[Black "McLean, Matthew"]
[Result "1-0"]
[WhiteElo "1920"]
[BlackElo "1294"]
[PlyCount "57"]

1. e4 e5 2. Nf3 Nc6 3. d4 exd4 4. Bc4 Bb4+ 5. c3 dxc3 6. O-O d6 7. a3 Bc5 8. b4
Bb6 9. Qb3 Qd7 10. Nxc3 h6 11. Nd5 Nd4 12. Nxd4 Bxd4 13. Bb2 Bf6 14. Rad1 c6
15. Nxf6+ Nxf6 16. e5 Nd5 17. Bxd5 cxd5 18. Rxd5 Qg4 19. Rd4 Qg5 20. exd6 Be6
21. d7+ Ke7 22. Re1 Rhd8 23. Qf3 Rab8 24. h4 Qf6 25. Rf4 Qxb2 26. Rxf7+ Kd6 27.
Rxe6+ Kc7 28. Qf4+ Qe5 29. Qxe5# 1-0